Tribunal de Primera Instancia de las Comunidades Europeas

Bibliographic Details
Format: Unknown
Language:Multiple languages
Published: [Bľgica] : [s.n.]
Subjects:
Online Access:Acceso restringido

MARC

LEADER 00000ny a22000003n 4500
005 20110510103246.0
008 100413s19979999be a b i000 a mul d
035 |a 1677 
040 |a BUS  |d vlex 
090 |c 1493  |d 1493 
245 3 0 |a Tribunal de Primera Instancia de las Comunidades Europeas  |h [Recurso electrn̤ico] 
256 |a Servicio en ln̕ea 
260 |a [Bľgica] :  |b [s.n.] 
650 0 4 |a Sentencias  |x Publicaciones perid̤icas 
650 0 4 |a Tribunales de instancia  |z Comunidad Europea  |x Publicaciones perid̤icas 
740 0 |a vLex Revista (Servicios en ln̕ea) 
843 |a Electrn̤ica. Abierta 
853 |8 1  |i (year)  |j (month)  |k (day) 
856 4 0 |z Acceso restringido  |u http://vlex.com/source/boletin-tributario-1677 
942 |c REV